Οι 50 καλύτερες επιχειρηματικές ιδέες μέσα στην κρίση : επιτυχημένες ιστορίες ελληνικών start-ups

Saved in:
Bibliographic Details
Main Author: Πρωτοπαπαδάκης, Ιωάννης Ν., 1969-
Format: Book
Language:Greek
Published: Αθήνα : Rosili, 2016.
Series:Επιχειρείν (Rosili)
Subjects:
Tags: Add Tag
No Tags, Be the first to tag this record!

MARC

LEADER 00000nam a2200000 a 4500
001 1/125787
008 230110t2016####gr | | ||| |||| ||gre||
020 |a 9786185131180   |q (χαρτόδετο)  
040 |a GR-MyUa  |b gre  |c GR-MyUa  |e AACR2 
041 1 |a gre 
082 7 |a 658.421   |2 (23)  
100 1 |a Πρωτοπαπαδάκης, Ιωάννης Ν.,   |d 1969- 
245 1 0 |a Οι 50 καλύτερες επιχειρηματικές ιδέες μέσα στην κρίση :   |b επιτυχημένες ιστορίες ελληνικών start-ups /   |c Ιωάννης Πρωτοπαπαδάκης.  
260 |a Αθήνα :   |b Rosili,   |c 2016.  
300 |a 198 σ. :   |b εικ. ;   |c 24 εκ.  
650 0 |a Creative ability in business. 
650 0 |a Entrepreneurship  |z Greece. 
830 0 |a Επιχειρείν (Rosili) 
852 |a INST  |b CHIOS  |e 20230110  |h 658.421 ΠΡΩ  |p 005200040559  |q 005200040559  |t BK  |y 0 
852 |a INST  |b CHIOS  |e 20230110  |h 658.421 ΠΡΩ  |p 005200040560  |q 005200040560  |t BK  |y 0 
970 |a Σπέντζα  |b Ελένη  |z 10-01-2023